| 000 | 00790nam a2200229Ia 4500 | ||
|---|---|---|---|
| 003 | GCL | ||
| 008 | 140319s9999 xx 000 0 ara d | ||
| 040 |
_aGCL / _cGCL |
||
| 082 | 0 | 4 |
_a070 _bم ز |
| 100 | 1 | _aمحمد سيد محمد ( مترجم ) | |
| 245 | 1 | 0 |
_aالزيات والرسالة / _cمحمد سيد محمد ( مترجم ) |
| 700 | 1 | _aمحمد سيد احمد | |
| 260 |
_a[S.N] : _bدار الرفاعى للنشر والطباعة والتوزيع ، _c1982 |
||
| 300 | _a226 ص | ||
| 490 |
_aدراسات فى الصحافة الادبية _v0 |
||
| 650 | 0 | 4 | _aالرسائل العربية |
| 650 | 0 | 4 | _aالصحافة العربية |
| 650 | 0 | 4 | _aوسائل الاعلام |
| 650 | 0 | 4 | _aتحرير |
| 650 | 0 | 4 | _aالدعاية الصحفية |
| 942 |
_2ddc _cBK |
||
| 999 |
_c35330 _d35330 |
||